Quiz sulla storia dell'Argentina - Statistics

Statistiche generali
  • Questo quiz è stato fatto 27 volte
  • Il punteggio medio è 13 su 21
Statistiche sulle risposte
DOMANDA RISPOSTA % Corretto
Primo papa americano della storia proveniente dall'Argentina Francesco/Bergoglio
92%
Nazione contro la quale si ebbe una guerra per le isole sopracitate nel 1983 Regno Unito
92%
Impero mesoamericano che si espandeva fino ai confini nordoccidentali del paese Inca
88%
Tra il 1871 e il 1900 si recarono in Argentina più di 800 mila persone da questo stato Italia
83%
Prima città-colonia fondata dagli spagnoli nel 1580 Buenos Aires
75%
Nazione europea rifornita segretamente con materie prime dall'Argentina durante la WW2 Germania
75%
Nome dei detenuti scomparsi durante la dittatura militare 1976-2983 Desaparecidos
71%
Cognome del presidente argentino 1946-1955 e 1973-1974 filofascista e anticomunista Peron
67%
Noto esploratore italiano che per primo attraccò in Argentina Vespucci
67%
Primo ministro inglese che reagì tempestivamente a questa guerra (cognome) Thatcher
63%
Nel 1826 questo odierno stato passò dall'Argentina al Brasile Uruguay
63%
Condottiero sudamericano che contribuì all'indipendenza dell'Argentina e non solo (cognome) Bolivar
54%
Il "Dottor Morte" di Auschwitz che sfuggì al processo di Norimberga e si rifugiò in Argentina Mengele
54%
Mese noto per le sommosse indipendentiste a Buenos Aires (in spagnolo) Mayo
50%
Rivoluzione che ispirò i nazionalisti argentini agli inizi dell'800 Francese
46%
Terza lingua sorprendentemente più parlata del paese dopo spagnolo e italiano (Asia) Arabo
42%
Nome delle Falkland per gli argentini Malvinas
42%
Nome della moglie di quest'ultimo stroncata da un tumore a 33 anni Eva
38%
Il nuovo presidente Milei fece scalpore perché partecipò a un comizio con che cosa? Motosega
33%
Anno d'indipendenza 1816
29%
Dopo il crollo di Wall Street nel '29 anche l'Argentina adottò questa politica economica Protezionismo
29%
Nessun quiz corrispondente trovato
Distribuzione punteggi
Percentuale di utenti per punteggio
Percentile per numero di risposta
I tuoi punteggi nel tempo
Non hai fatto questo quiz